Global markets and financial crises in Asia : (Record no. 308917)
[ view plain ]
| 000 -LEADER | |
|---|---|
| fixed length control field | 01268nam a2200397 a 4500 |
| 001 - CONTROL NUMBER | |
| control field | vtls000351932 |
| 003 - CONTROL NUMBER IDENTIFIER | |
| control field | NLI |
| 005 - DATE AND TIME OF LATEST TRANSACTION | |
| control field | 20210602170039.0 |
| 008 - FIXED-LENGTH DATA ELEMENTS--GENERAL INFORMATION | |
| fixed length control field | 110113s2004 enkd e 001 0 eng d |
| 020 ## - INTERNATIONAL STANDARD BOOK NUMBER | |
| International Standard Book Number | 033376076X |
| Terms of availability | £ 85.00 |
| 039 #9 - LEVEL OF BIBLIOGRAPHIC CONTROL AND CODING DETAIL [OBSOLETE] | |
| -- | 201101132018 |
| -- | VLOAD |
| 040 ## - CATALOGING SOURCE | |
| Original cataloging agency | NLI : |
| Language of cataloging | eng |
| Transcribing agency | NLMARC21 |
| 041 0# - LANGUAGE CODE | |
| Language code of text/sound track or separate title | eng |
| 044 ## - COUNTRY OF PUBLISHING/PRODUCING ENTITY CODE | |
| MARC country code | enk |
| 082 04 - DEWEY DECIMAL CLASSIFICATION NUMBER | |
| Classification number | 332.042095 |
| Edition number | 22 |
| 100 1# - MAIN ENTRY--PERSONAL NAME | |
| Personal name | Khan, Haider A. |
| 9 (RLIN) | 360628 |
| 245 10 - TITLE STATEMENT | |
| Title | Global markets and financial crises in Asia : |
| Remainder of title | towards a theory for the 21st centuy/ |
| Statement of responsibility, etc. | Haider A. Khan. |
| 260 ## - PUBLICATION, DISTRIBUTION, ETC. | |
| Place of publication, distribution, etc. | Hampshire, England : |
| Name of publisher, distributor, etc. | Palgrave Macmillan, |
| Date of publication, distribution, etc. | c2004 |
| 300 ## - PHYSICAL DESCRIPTION | |
| Extent | xiv, 251 p. : |
| Other physical details | ill.; |
| Dimensions | 23 cm. |
| 500 ## - GENERAL NOTE | |
| General note | Includes index |
| 504 ## - BIBLIOGRAPHY, ETC. NOTE | |
| Bibliography, etc. note | Bibliography : p. 218 - 245 |
| 650 #0 - SUBJECT ADDED ENTRY--TOPICAL TERM | |
| Topical term or geographic name entry element | Financial crises |
| Geographic subdivision | Asia |
| 9 (RLIN) | 68632 |
| 650 #0 - SUBJECT ADDED ENTRY--TOPICAL TERM | |
| Topical term or geographic name entry element | Capital market |
| Geographic subdivision | Asia |
| 9 (RLIN) | 520298 |
| 650 #0 - SUBJECT ADDED ENTRY--TOPICAL TERM | |
| Topical term or geographic name entry element | Monetary policy |
| Geographic subdivision | Asia |
| 9 (RLIN) | 450413 |
| 650 #0 - SUBJECT ADDED ENTRY--TOPICAL TERM | |
| Topical term or geographic name entry element | International finance |
| 9 (RLIN) | 64383 |
| 650 #0 - SUBJECT ADDED ENTRY--TOPICAL TERM | |
| Topical term or geographic name entry element | Globalization |
| General subdivision | Economic aspects |
| Geographic subdivision | Asia |
| 9 (RLIN) | 478852 |
| 651 #0 - SUBJECT ADDED ENTRY--GEOGRAPHIC NAME | |
| Geographic name | Asia |
| General subdivision | Economic conditions |
| Chronological subdivision | 1945- |
| 9 (RLIN) | 75774 |
| 887 ## - NON-MARC INFORMATION FIELD | |
| Content of non-MARC field | Santanu Chanda sg |
| 901 ## - LOCAL DATA ELEMENT A, LDA (RLIN) | |
| a | 548967 |
| b | 29.11.04 |
| 902 ## - LOCAL DATA ELEMENT B, LDB (RLIN) | |
| a | E 332.042095 K 527 |
| 904 ## - LOCAL DATA ELEMENT D, LDD (RLIN) | |
| a | Santanu Chanda |
| 905 ## - LOCAL DATA ELEMENT E, LDE (RLIN) | |
| a | sg |
| 942 ## - ADDED ENTRY ELEMENTS (KOHA) | |
| Source of classification or shelving scheme | Dewey Decimal Classification |
| Koha item type | Books |
| 949 ## - LOCAL PROCESSING INFORMATION (OCLC) | |
| -- | VIRTUAITEM |
| -- | 10012 |
| -- | 100 |
| 6 | PUR000548967ENG |
| Withdrawn status | Lost status | Damaged status | Not for loan | Collection code | Home library | Current library | Shelving location | Date acquired | Total Checkouts | Full call number | Barcode | Date last seen | Price effective from | Koha item type |
|---|---|---|---|---|---|---|---|---|---|---|---|---|---|---|
| New English | National Library of India | National Library of India | New English - Main Stack Division | E 332.042095 K 527 | PUR000548967ENG | 02/06/2021 | 02/06/2021 | Books |
